00896nam a2200217 i 450000100060000000300090000600500170001500700030003200800410003508000120007611100560008824501260014426000840027030000220035450000290037665000700040565000530047565100560052871000610058485200330064566529ES-MaACL20230906165707.0t|040301s2002 sp ||||1| spa d a32(460)2 aJornadas Reflexiones sobre España (n1ª. d1998)13aReflexiones sobre España b: el antiguo régimen y la transición, el estado de las autonomías, el ser de España. aMadrid : bFundación Foro Jovellanos para la Innovación Social,c[ca. 2000] a144 p. ; c28 cm. aTít. tomado de la cub.14aAdministración autonómica-zEspaña-vCongresos y asambleas.14aNacionalismo-zEspaña-vCongresos y asambleas. aEspaña-xHistoria-yS.XX-vCongresos y asambleas.2 aFundación Foro Jovellanos para la Innovación Social. aES-MaACLjL-26990 bR.132608